| 000 | 00415 a2200133 4500 | ||
|---|---|---|---|
| 003 | Nust | ||
| 005 | 20170207170501.0 | ||
| 040 | _cNust | ||
| 082 | _a799 | ||
| 245 |
_aLec by Lt Col Usman Ali Tabish,(MI Dte) on Threat under PAO Envmt,Photographs-2015 _bMCS |
||
| 260 |
_aRawalpindi _bMCS _c23-01-2015 |
||
| 650 | _aLec by Lt Col Usman Ali Tabish,(MI Dte) on Threat under PAO Envmt,Photographs-2015 | ||
| 651 | _aSweet Memories-MCS | ||
| 942 | _cBK | ||
| 999 |
_c215043 _d215043 |
||